000 01045nam a2200253Ia 4500
003 OSt
005 20221005105140.0
006 a|||||r|||| 00| 0
007 ta
008 221004b |||||||| |||| 00| 0 hin d
020 _a8179750825 (hbk)
_c750
024 _a97264
037 _b432, 25/03/2009, Swaraj Prakashan
_cTextual
040 _aCRL
_cCRL
_bhin
041 _2hin
_ahin
082 _aY:1.10a4, 152P5
100 _aचतुर्वेदी, जगदीश्वर
245 0 _aयुद्ध ग्लोबल संस्कृति और मीडिया
246 _aYuddha global sanskṛuti aur mīḍiyā
260 _aनई दिल्ली
_bअनामिका पब्लिशर्स एंड डिस्ट्रीब्यूटर्स प्रा. लि. भारत
_c2005
300 _a445पृ0
_ccm.
942 _hY:1.10a4, 152P5
_cTEXL
_2cc
999 _c1014928
_d1014928